Web 2.0 how-to for educators (Record no. 12852)

000 -LEADER
fixed length control field 00321nam a22001337a 4500
020 ## - INTERNATIONAL STANDARD BOOK NUMBER
International Standard Book Number 9781564842725
082 ## - DEWEY DECIMAL CLASSIFICATION NUMBER
Classification number 371.3344678 SOL
100 ## - MAIN ENTRY--PERSONAL NAME
Personal name Solomon, Gwen
245 ## - TITLE STATEMENT
Title Web 2.0 how-to for educators
260 ## - PUBLICATION, DISTRIBUTION, ETC.
Place of publication, distribution, etc. Washington
Name of publisher, distributor, etc. ISTE
Date of publication, distribution, etc. 2010
300 ## - PHYSICAL DESCRIPTION
Extent x, 288 p. :
Accompanying material 24 cm
650 ## - SUBJECT ADDED ENTRY--TOPICAL TERM
Topical term or geographic name entry element Internet in education
942 ## - ADDED ENTRY ELEMENTS (KOHA)
Koha item type Book
Holdings
Withdrawn status Lost status Damaged status Not for loan Collection code Permanent Location Current Location Shelving location Date acquired Source of acquisition Cost, normal purchase price Total Checkouts Total Renewals Full call number Barcode Date last seen Date last checked out Price effective from Koha item type
          Central Library (CL) Central Library (CL) General Stacks 04/30/2014 Grace Books 2801.95 3 1 371.3344678 SOL SEECS013199 01/04/2016 01/04/2016 04/30/2014 Book
© 2023 Central Library, National University of Sciences and Technology. All Rights Reserved.